[Event "66.Semifinale Camp. Italiano"]
[Site "Cortina d'Ampezzo ITA"]
[Date "2006.07.14"]
[Round "7.17"]
[White "Frigieri, Fabrizio"]
[Black "Facchetti, Gianni"]
[Result "1/2-1/2"]
[WhiteElo "2098"]
[BlackElo "2133"]
[Annotator "Gabriele Ballarin"]
[PlyCount "170"]
[EventDate "2006.07.09"]
[EventType "swiss"]
[EventRounds "9"]
[EventCountry "ITA"]

1. e4 e5 2. Nf3 Nc6 3. Bc4 Be7 4. d4 d6 5. dxe5 dxe5 6. Qxd8+ Bxd8 7. Nc3 f6 8. h3 Na5 9. Bb5+ c6 10. Be2 Be6 11. Nd2 b6 12. b4 Nb7 13. Nc4 Bc7 14. b5 c5 15. Ne3 Ne7 16. Bc4 Bxc4 17. Nxc4 Nd8 18. Ne3 Ne6 19. Ncd5 Nxd5 20. Nxd5 a6 21. bxa6 Rxa6 22. O-O O-O 23. Rd1 Rd8 24. Bb2 Kf8 25. Rd3 Rda8 26. a3 c4 27. Rd2 Bd8 28. Rad1 Be7 29. Nxe7 Kxe7 30. Bc3 Rd8 31. Bb4+ Ke8 32. Rd6 Rxd6 33. Rxd6 Nd4 34. c3 Nb5 35. Re6+ Kf7 36. Re7+ Kg6 37. Rb7 Ra7 38. Rxb6 Nxa3 39. Rc6 Nb1 40. f3 Nd2 41. Rc5 Kg5 42. Ra5 Rxa5 43. Bxa5 f5 44. exf5 Kxf5 45. Kf2 Nb3 46. Bb6 Ke6 47. Ke3 Kd5 48. g4 Nc1 49. Bc7 Nd3 50. f4 exf4+ 51. Bxf4 Nc5 52. Bg3 Ne4 53. Be1 Ke5 54. h4 g6 55. Kf3 Nf6 56. Bg3+ Ke6 57. Bf2 h5 58. gxh5 gxh5 59. Bd4 Nd5 60. Ke4 Ne7 61. Bf2 Nc6 62. Bg3 Ne7 63. Bf2 Nc6 64. Be3 Ne7 65. Bc5 Nc6 66. Bf8 Ne5 67. Bc5 Nd3 68. Kd4 Ne5 69. Ke4 Nd3 70. Bd4 Ne1 71. Kf4 Kd5 72. Ba7 Nd3+ 73. Kg5 Ke6 74. Kxh5 Kf5 75. Kh6 Nf4 76. Be3 Ne2 77. Bd2 Kg4 78. Be1 Nf4 79. Kg7 Kf3 80. Kf6 Ke2 81. Kf5 Nh5 82. Kg5 Kxe1 83. Kxh5 Kd2 84. Kg4 Kxc3 85. h5 Kd2 1/2-1/2

[Event "66.Semifinale Camp. Italiano"]
[Site "Cortina d'Ampezzo ITA"]
[Date "2006.07.14"]
[Round "7.18"]
[White "Astengo, Marcello"]
[Black "Caracci, Giuseppe"]
[Result "0-1"]
[WhiteElo "2109"]
[BlackElo "2069"]
[Annotator "Gabriele Ballarin"]
[PlyCount "92"]
[EventDate "2006.07.09"]
[EventType "swiss"]
[EventRounds "9"]
[EventCountry "ITA"]

1. d4 d5 2. c4 e6 3. Nc3 c6 4. e3 Nf6 5. Bd3 Bd6 6. Nf3 Nbd7 7. e4 dxe4 8. Nxe4 Nxe4 9. Bxe4 Nf6 10. Bc2 Bb4+ 11. Bd2 Qa5 12. O-O Bxd2 13. Nxd2 O-O 14. Nf3 Rd8 15. Re1 Qc7 16. b4 b6 17. Qe2 c5 18. dxc5 bxc5 19. b5 Bb7 20. Red1 h6 21. a4 Ng4 22. h3 Nf6 23. Qe5 Qe7 24. Qe3 Nd7 25. a5 Rac8 26. Rd2 Nf6 27. Rad1 Rxd2 28. Rxd2 Qc7 29. a6 Ba8 30. Ne5 Kf8 31. f4 g6 32. g4 Qa5 33. g5 hxg5 34. fxg5 Nh5 35. Qf2 Qa1+ 36. Rd1 Qxe5 37. h4 Nf4 38. Kh2 Nd3+ 39. Qg3 Qe2+ 40. Kg1 Nf4 41. Bb3 Qe4 42. Kh2 Qe2+ 43. Kg1 e5 44. Ba4 Nh5 45. Qh3 Kg7 46. Rf1 Nf4 0-1

[Event "66.Semifinale Camp. Italiano"]
[Site "Cortina d'Ampezzo ITA"]
[Date "2006.07.14"]
[Round "7.19"]
[White "Ricci, Marco"]
[Black "Campini, Marco"]
[Result "0-1"]
[WhiteElo "2150"]
[BlackElo "2100"]
[Annotator "Gabriele Ballarin"]
[PlyCount "80"]
[EventDate "2006.07.09"]
[EventType "swiss"]
[EventRounds "9"]
[EventCountry "ITA"]

1. e4 c5 2. Nf3 d6 3. c3 g6 4. d4 Qc7 5. Bf4 Bg7 6. Bd3 Nf6 7. O-O Nh5 8. Be3 O-O 9. Na3 a6 10. Nc2 b6 11. Nd2 e5 12. g3 exd4 13. cxd4 Nc6 14. f4 Nxd4 15. Nxd4 cxd4 16. Bf2 Qd7 17. Nb3 Bb7 18. Bxd4 Rfe8 19. Re1 Nf6 20. Qf3 Qa4 21. Rad1 $138 Rac8 22. Re2 Qxa2 23. Bb1 Qa4 24. Qd3 Bxe4 $138 25. Rxe4 Nxe4 26. Bxg7 Kxg7 27. Qd5 Nf6 28. Qd3 d5 29. Nd4 Qc4 30. Qf3 Re7 31. f5 Rce8 32. Kf2 Qc5 33. Kg2 g5 34. h4 Re3 35. Qf2 Ng4 36. f6+ {=} Kf8 37. Qf5 Re2+ 38. Nxe2 Ne3+ 39. Kf3 Nxf5 40. Bxf5 Qe3+ 0-1

[Event "66.Semifinale Camp. Italiano"]
[Site "Cortina d'Ampezzo ITA"]
[Date "2006.07.14"]
[Round "7.20"]
[White "Alberton, Roberto"]
[Black "Fontana, Enrico"]
[Result "1/2-1/2"]
[WhiteElo "2128"]
[BlackElo "2122"]
[Annotator "Gabriele Ballarin"]
[PlyCount "70"]
[EventDate "2006.07.09"]
[EventType "swiss"]
[EventRounds "9"]
[EventCountry "ITA"]

1. d4 Nf6 2. c4 e6 3. Nc3 d5 4. cxd5 exd5 5. Bg5 c6 6. e3 Be7 7. Bd3 Ne4 8. Bxe7 Qxe7 9. Nge2 f5 10. Qc2 O-O 11. h4 Nd7 12. Nf4 Ndf6 13. g3 Ng4 14. Nxe4 fxe4 15. Be2 Bd7 16. Kf1 g6 17. Kg2 Kg7 18. b4 h6 19. Qd1 Nf6 20. h5 Be8 21. hxg6 Bxg6 22. Rh4 Rh8 23. Bh5 Bxh5 24. Nxh5+ Kh7 25. Nf4 Raf8 26. Qh1 Kg7 27. Qh3 Kf7 28. Rxh6 Rxh6 29. Qxh6 Rg8 30. Rh1 Qxb4 31. Nh5 Qd6 32. Rh4 Rg6 33. Qh8 Rg8 34. Qh6 Rg6 35. Qh8 Rg8 1/2-1/2

[Event "66.Semifinale Camp. Italiano"]
[Site "Cortina d'Ampezzo ITA"]
[Date "2006.07.14"]
[Round "7.21"]
[White "Melotti, Dario"]
[Black "Gaspari, Mauro"]
[Result "1/2-1/2"]
[WhiteElo "2116"]
[BlackElo "1805"]
[Annotator "Gabriele Ballarin"]
[PlyCount "56"]
[EventDate "2006.07.09"]
[EventType "swiss"]
[EventRounds "9"]
[EventCountry "ITA"]

1. c4 Nf6 2. Nc3 g6 3. e4 d6 4. d4 Bg7 5. Nf3 O-O 6. Be2 e5 7. O-O Ne8 8. dxe5 Nc6 9. exd6 Nxd6 10. c5 Bxc3 11. cxd6 Bf6 12. Bf4 cxd6 13. Bxd6 Re8 14. e5 Nxe5 15. Nxe5 Bxe5 16. Bxe5 Qxd1 17. Rfxd1 Rxe5 18. Rd8+ Kg7 19. Bf3 Rc5 20. b4 Rc7 21. Re1 a6 22. a4 Ra7 23. a5 Be6 24. h3 Rc4 25. Re4 Rc3 26. Kh2 Kf6 27. Red4 Ke7 28. Rb8 Rc7 1/2-1/2

[Event "66.Semifinale Camp. Italiano"]
[Site "Cortina d'Ampezzo ITA"]
[Date "2006.07.14"]
[Round "7.22"]
[White "Laghetti, Gaetano"]
[Black "Milazzo, Mario"]
[Result "1/2-1/2"]
[WhiteElo "1972"]
[BlackElo "2110"]
[Annotator "M. Milazzo"]
[PlyCount "45"]
[EventDate "2006.07.09"]
[EventType "swiss"]
[EventRounds "9"]
[EventCountry "ITA"]

1. d4 f5 2. g3 Nf6 3. Bg2 g6 4. Nf3 Bg7 5. c4 d6 6. O-O O-O 7. Nc3 a5 8. Bg5 Nbd7 9. Bxf6 Nxf6 10. e3 c6 11. Nd2 e5 12. a4 e4 13. f3 exf3 14. Bxf3 Qe7 15. Re1 Qf7 16. d5 c5 17. Ra2 Bd7 18. Nb5 Bxb5 19. axb5 b6 20. b3 Rae8 21. Nf1 Re7 22. Rae2 Rfe8 23. Qd3 1/2-1/2

[Event "66.Semifinale Camp. Italiano"]
[Site "Cortina d'Ampezzo ITA"]
[Date "2006.07.15"]
[Round "8.6"]
[White "Vezzosi, Paolo"]
[Black "Cocchi, Andrea"]
[Result "1/2-1/2"]
[WhiteElo "2356"]
[BlackElo "2333"]
[Annotator "Gabriele Ballarin"]
[PlyCount "160"]
[EventDate "2006.07.09"]
[EventType "swiss"]
[EventRounds "9"]
[EventCountry "ITA"]

1. d4 Nf6 2. c4 e6 3. Nc3 d5 4. cxd5 exd5 5. Bg5 Bb4 6. Qa4+ Nc6 7. e3 h6 8. Bh4 Qe7 9. Bb5 Bd7 10. Nge2 a6 11. O-O g5 12. Bg3 O-O 13. Bxc6 Bxc6 14. Qc2 Ne4 15. Nxe4 dxe4 16. a3 Bd6 17. Nc3 Rfe8 18. Rfd1 Rac8 19. Qb3 b6 20. Rac1 Bb7 21. Qc4 Kg7 22. b4 f5 23. Bxd6 cxd6 24. Qe2 d5 25. Na4 Qd6 26. Qd2 Rc6 27. Rc3 Rxc3 28. Nxc3 Rc8 29. Ne2 Rc4 30. Rc1 Qc6 31. f3 exf3 32. gxf3 Bc8 33. Rxc4 Qxc4 34. Kf2 Qc7 35. f4 Bd7 36. Qc1 Qd6 37. Ng1 g4 38. Ne2 h5 39. Qc2 Kf6 40. Nc3 Ke6 41. Qb3 Bb5 42. Nxb5 axb5 43. Qc2 Qd7 44. Kg3 Kf6 45. Kf2 Kg6 46. Qc3 h4 47. Ke2 Kh5 48. Qc2 Kh6 49. Kf2 Kg7 50. Ke2 Kf8 51. Kf2 Ke7 52. Kg2 Kd6 53. Kf2 Qe6 54. Ke2 Kd7 55. Kf2 Qg6 56. Kg2 Qe6 57. Kf2 h3 58. Qd3 Kc6 59. Kg3 Kb7 60. Kh4 Qe7+ 61. Kg3 Qd7 62. Kh4 Kc7 63. Kg3 Kd6 64. Kh4 Ke6 65. Qc2 Kf6 66. Kg3 Kg6 67. Kf2 Kh5 68. Ke2 Kh4 69. Kf2 Kh5 70. Kg3 Qe6 71. Kf2 Qd7 72. Kg3 Kg6 73. Kf2 Kf7 74. Kg3 Ke6 75. Kf2 Kd6 76. Kg3 Qe6 77. Qd3 Kc6 78. Kf2 Qg6 79. Kg3 Qh5 80. Qc2+ Kb7 1/2-1/2

[Event "66.Semifinale Camp. Italiano"]
[Site "Cortina d'Ampezzo ITA"]
[Date "2006.07.15"]
[Round "8.7"]
[White "Luciani, Valerio"]
[Black "De Santis, Alessio"]
[Result "0-1"]
[WhiteElo "2232"]
[BlackElo "2337"]
[Annotator "Gabriele Ballarin"]
[PlyCount "104"]
[EventDate "2006.07.09"]
[EventType "swiss"]
[EventRounds "9"]
[EventCountry "ITA"]

1. d4 b6 2. e4 Bb7 3. Bd3 e6 4. Nf3 d6 5. O-O Nd7 6. Bf4 Ne7 7. Nbd2 Ng6 8. Bg3 Be7 9. c3 a6 10. Qe2 e5 11. Rfe1 O-O 12. Nc4 Bf6 13. Ne3 Re8 14. Qc2 Ndf8 15. dxe5 dxe5 16. Bc4 b5 17. Rad1 Qc8 18. Bb3 Ne6 19. Bxe6 Qxe6 20. b3 Rad8 21. Rd2 Rxd2 22. Nxd2 Rd8 23. f3 Bg5 24. Ndf1 Nf4 25. Rd1 g6 26. c4 c6 27. Bf2 Rxd1 28. Qxd1 Be7 29. Ng3 Qd6 30. cxb5 axb5 31. a4 bxa4 32. bxa4 Ba6 33. Qc2 h5 34. Nc4 Bxc4 35. Qxc4 Qd1+ 36. Qf1 Qxa4 37. Ne2 Nxe2+ 38. Qxe2 c5 39. Be3 c4 40. Qd2 Qb3 41. Kf2 c3 42. Qd7 Bf6 43. Qe8+ Kh7 44. Qc6 Bg7 45. Kg3 c2 46. Qc5 Bh6 47. Bxh6 Kxh6 48. Qxe5 Kh7 49. Qc7 Kg8 50. e5 Qd3 51. e6 fxe6 52. Qe7 h4+ 0-1

[Event "66.Semifinale Camp. Italiano"]
[Site "Cortina d'Ampezzo ITA"]
[Date "2006.07.15"]
[Round "8.8"]
[White "Pantaleoni, Claudio"]
[Black "Guido, Flavio"]
[Result "1-0"]
[WhiteElo "2222"]
[BlackElo "2323"]
[Annotator "Gabriele Ballarin"]
[PlyCount "73"]
[EventDate "2006.07.09"]
[EventType "swiss"]
[EventRounds "9"]
[EventCountry "ITA"]

1. c4 Nf6 2. Nf3 c5 3. Nc3 e6 4. g3 b6 5. Bg2 Bb7 6. O-O Be7 7. d4 cxd4 8. Qxd4 d6 9. Bg5 a6 10. Bxf6 Bxf6 11. Qf4 O-O 12. Rfd1 Be7 13. Ne4 Bxe4 14. Qxe4 Ra7 15. Nd4 Qc8 16. b3 Qc5 17. a4 Rc7 18. Ra2 Rd8 19. Qb1 a5 20. Rad2 Na6 21. Bh3 Bf6 22. e3 Qe5 23. Bg2 Nb4 24. Nb5 Rcd7 25. Qe4 Qc5 26. Qf3 h6 27. h4 Be5 28. e4 g6 29. Kh2 Kg7 30. Qg4 Bf6 31. f4 Be7 32. e5 d5 33. h5 g5 34. f5 exf5 35. Qxf5 d4 36. Rf1 Bf8 37. Be4 1-0

[Event "66.Semifinale Camp. Italiano"]
[Site "Cortina d'Ampezzo ITA"]
[Date "2006.07.15"]
[Round "8.9"]
[White "Satta, Vladimiro"]
[Black "Franchini, Gabriele"]
[Result "1-0"]
[WhiteElo "2221"]
[BlackElo "2292"]
[Annotator "Gabriele Ballarin"]
[PlyCount "97"]
[EventDate "2006.07.09"]
[EventType "swiss"]
[EventRounds "9"]
[EventCountry "ITA"]

1. c4 e5 2. g3 Nf6 3. Bg2 Nc6 4. Nc3 Bb4 5. Nd5 a5 6. e3 O-O 7. Ne2 Re8 8. O-O Bf8 9. d3 Nb4 10. Nxf6+ Qxf6 11. Nc3 c6 12. a3 Na6 13. d4 d6 14. d5 Bd7 15. e4 Nc5 16. Be3 Qd8 17. b4 axb4 18. axb4 Rxa1 19. Qxa1 Nb3 20. Qd1 Nd4 21. Bxd4 exd4 22. Qxd4 Be7 23. dxc6 bxc6 24. Rd1 Bg4 25. Rb1 Bf6 26. Qd3 Qa8 27. Nd1 Qa2 28. Ne3 Be2 29. Qb3 Qd2 30. b5 Rb8 31. Nf1 Qa5 32. e5 Bxe5 33. Bxc6 Bd4 {=} 34. Qc2 Bh5 35. Qd2 Qb6 36. Ne3 Qc5 37. Rc1 h6 38. Nf5 Be5 39. Qe3 Qxe3 40. Nxe3 Be2 41. Rc2 Bd3 42. Rd2 Bb1 43. Ng4 f5 44. Nxe5 dxe5 45. c5 Kf8 46. b6 Ke7 47. b7 e4 48. Rd7+ Ke6 49. Rc7 1-0

[Event "66.Semifinale Camp. Italiano"]
[Site "Cortina d'Ampezzo ITA"]
[Date "2006.07.15"]
[Round "8.10"]
[White "Brancaleoni, Maurizio"]
[Black "Ubezio, Marco"]
[Result "1/2-1/2"]
[WhiteElo "2275"]
[BlackElo "2161"]
[Annotator "Gabriele Ballarin"]
[PlyCount "72"]
[EventDate "2006.07.09"]
[EventType "swiss"]
[EventRounds "9"]
[EventCountry "ITA"]

1. Nf3 Nc6 2. d4 d5 3. e3 Bg4 4. Bb5 Qd6 5. c4 dxc4 6. Qa4 Bd7 7. Nbd2 Qb4 8. Qxb4 Nxb4 9. Bxd7+ Kxd7 10. Ke2 f6 11. Nxc4 e6 12. Rd1 Rd8 13. e4 Kc8 14. Be3 Nc2 15. Rac1 Nxe3 16. fxe3 Nh6 17. Rc3 Be7 18. a3 Nf7 19. Rdc1 Rd7 20. Ncd2 Kb8 21. b4 e5 22. dxe5 Nxe5 23. Nxe5 fxe5 24. Nf3 Bd6 25. Rf1 Rf7 26. Nh4 Rxf1 27. Kxf1 g6 28. Nf3 Kc8 29. Ke2 Kd7 30. Ne1 Ke6 31. Nd3 Rf8 32. a4 a6 33. Rc1 Ra8 34. Kd2 Rf8 35. Ke2 Ra8 36. Kd2 Rf8 1/2-1/2

[Event "66.Semifinale Camp. Italiano"]
[Site "Cortina d'Ampezzo ITA"]
[Date "2006.07.15"]
[Round "8.11"]
[White "Rombaldoni, Axel"]
[Black "Pechy, Alaster"]
[Result "1/2-1/2"]
[WhiteElo "2169"]
[BlackElo "2169"]
[Annotator "Gabriele Ballarin"]
[PlyCount "26"]
[EventDate "2006.07.09"]
[EventType "swiss"]
[EventRounds "9"]
[EventCountry "ITA"]

1. e4 d6 2. d4 Nf6 3. Nc3 e5 4. Nf3 Nbd7 5. Bc4 Be7 6. O-O O-O 7. Re1 c6 8. a4 b6 9. b3 a6 10. Bb2 Bb7 11. Bf1 Rc8 12. Qd2 b5 13. axb5 axb5 1/2-1/2

[Event "66.Semifinale Camp. Italiano"]
[Site "Cortina d'Ampezzo ITA"]
[Date "2006.07.15"]
[Round "8.12"]
[White "Caracci, Giuseppe"]
[Black "Borgo, Giulio"]
[Result "0-1"]
[WhiteElo "2069"]
[BlackElo "2414"]
[Annotator "Gabriele Ballarin"]
[PlyCount "118"]
[EventDate "2006.07.09"]
[EventType "swiss"]
[EventRounds "9"]
[EventCountry "ITA"]

1. d4 d5 2. c4 c6 3. cxd5 cxd5 4. Nc3 Nc6 5. Bf4 Nf6 6. e3 a6 7. Bd3 Bg4 8. f3 Bd7 9. Nge2 e6 10. Bg3 Na5 11. O-O Nc4 12. Bxc4 dxc4 13. e4 Be7 14. d5 Bc5+ 15. Kh1 Nh5 16. Be5 O-O 17. g4 Nf6 18. Ng3 b5 19. Bd4 Bxd4 20. Qxd4 b4 21. Nce2 exd5 22. e5 Ne8 23. Qxd5 Be6 24. Qb7 Rb8 25. Qxa6 Qc7 26. Nd4 Bd5 27. Rae1 Qc5 28. Rd1 Bb7 29. Qa4 Nc7 30. Ndf5 Qxe5 31. Nd6 Bd5 32. Nge4 Rfd8 33. Qa5 Rxd6 34. Qxc7 Re6 35. Qxe5 Rxe5 36. Rd4 f5 37. gxf5 Rxf5 38. Rfd1 Bxe4 39. fxe4 Rf2 40. Rxc4 Rxb2 41. Rd7 Ra8 42. Rcc7 Rb1+ 43. Kg2 Rxa2+ 44. Kh3 Rb3+ 45. Kg4 Rg2+ 46. Kf4 h5 47. Rb7 Kh7 48. h4 Rg4+ 49. Ke5 Rb1 50. Rd4 b3 51. Rdb4 Re1 52. Rd4 Re3 53. Kd5 Rxh4 54. e5 Rh2 55. e6 Rhe2 56. Rdb4 Re5+ 57. Kc4 R2e4+ 58. Kxb3 Rxb4+ 59. Rxb4 Rxe6 0-1

[Event "66.Semifinale Camp. Italiano"]
[Site "Cortina d'Ampezzo ITA"]
[Date "2006.07.15"]
[Round "8.13"]
[White "Sbarra, Marco"]
[Black "Navarro, Stefano"]
[Result "1/2-1/2"]
[WhiteElo "2290"]
[BlackElo "2224"]
[Annotator "Gabriele Ballarin"]
[PlyCount "80"]
[EventDate "2006.07.09"]
[EventType "swiss"]
[EventRounds "9"]
[EventCountry "ITA"]

1. Nf3 d5 2. c4 e6 3. b3 Nf6 4. Bb2 Nbd7 5. e3 c6 6. Nc3 Bd6 7. d4 O-O 8. Be2 Re8 9. O-O a6 10. Qc2 Qc7 11. h3 b6 12. e4 e5 13. dxe5 Nxe5 14. Nxe5 Bxe5 15. exd5 cxd5 16. cxd5 Bxc3 17. Bf3 Bb7 18. d6 Qxd6 19. Qxc3 Rac8 20. Rad1 Qe6 21. Bxb7 Rxc3 22. Bxc3 Qf5 23. Bxf6 Qxf6 24. Bxa6 g6 25. Bc4 Qf5 26. Rd6 b5 27. Rd5 Re5 28. Bd3 Qh5 29. Rxe5 Qxe5 30. Rd1 Kf8 31. Kf1 Qd4 32. Be2 Qc5 33. Bf3 Qc2 34. Rd5 b4 35. Ra5 Qc1+ 36. Ke2 Qc2+ 37. Kf1 Qc1+ 38. Ke2 Qc2+ 39. Ke1 Qb1+ 40. Ke2 Qc2+ 1/2-1/2

[Event "66.Semifinale Camp. Italiano"]
[Site "Cortina d'Ampezzo ITA"]
[Date "2006.07.15"]
[Round "8.14"]
[White "Paglietti, Nicola"]
[Black "Frigieri, Fabrizio"]
[Result "1-0"]
[WhiteElo "2293"]
[BlackElo "2098"]
[Annotator "Gabriele Ballarin"]
[PlyCount "87"]
[EventDate "2006.07.09"]
[EventType "swiss"]
[EventRounds "9"]
[EventCountry "ITA"]

1. e4 c5 2. g3 Nc6 3. Bg2 g6 4. Nf3 Bg7 5. O-O e6 6. c3 Nge7 7. Na3 O-O 8. Nc2 d5 9. exd5 exd5 10. d4 b6 11. Be3 c4 12. Bf4 h6 13. h4 Bf5 14. Ne5 Na5 15. g4 Be6 16. Qe2 Qc8 17. Rae1 Re8 18. g5 h5 19. Ne3 b5 20. Bg3 Qd8 21. Kh2 Rc8 22. Bh3 Bxh3 23. Kxh3 Nb7 24. Qf3 Rf8 25. Qg2 Qd6 26. Kh2 Bxe5 27. Bxe5 Qd7 28. Bf6 Nf5 29. Qxd5 Qxd5 30. Nxd5 Nxh4 31. Ne7+ Kh7 32. Nxc8 Nf3+ 33. Kg3 Nxe1 34. Rxe1 Rxc8 35. Re7 Nd6 36. Rxa7 Nf5+ 37. Kh3 b4 38. cxb4 c3 39. bxc3 Rxc3+ 40. Kh2 Rc8 41. b5 Rb8 42. a4 Nd6 43. Rd7 Nc4 44. Rd8 1-0

[Event "66.Semifinale Camp. Italiano"]
[Site "Cortina d'Ampezzo ITA"]
[Date "2006.07.15"]
[Round "8.15"]
[White "Pizzuto, Samuele Tullio"]
[Black "Piva, Giorgio"]
[Result "1/2-1/2"]
[WhiteElo "2201"]
[BlackElo "2129"]
[Annotator "Gabriele Ballarin"]
[PlyCount "95"]
[EventDate "2006.07.09"]
[EventType "swiss"]
[EventRounds "9"]
[EventCountry "ITA"]

{[%evp 0,94,16,28,28,30,41,44,80,58,58,36,34,10,-3,23,54,47,47,47,61,7,23,36,36,7,9,-13,3,-53,-30,-58,-57,-57,-57,-34,-66,-87,-17,-22,-30,-21,-12,-35,-71,-71,-10,-59,-61,-79,-59,-63,-87,-113,-43,-116,-131,-136,-151,-156,-160,-160,-138,-111,-100,-100,-95,-102,-102,-105,-110,-116,-121,-124,-131,-118,-116,-139,-128,-134,-99,-131,-71,-74,-69,-89,-68,-73,-45,-45,-42,-54,-30,-54,-52,-51,-44]} 1. d4 d5 2. Nc3 Bf5 3. f3 e6 4. e4 Bg6 5. Bd3 Bb4 6. a3 Bxc3+ 7. bxc3 c5 8. exd5 Qxd5 9. Ne2 Bxd3 10. cxd3 cxd4 11. Nxd4 Ne7 12. Rb1 Nbc6 13. Be3 O-O 14. Nc2 b6 15. O-O Rfd8 16. d4 Qc4 17. Qe1 Rac8 18. Bg5 Rd7 19. Ne3 Qa4 20. Ra1 h6 21. Bf4 Ng6 22. Bg3 Nce7 23. h4 Qa5 24. Rc1 Nd5 25. Nxd5 Rxd5 26. Qe3 Rc4 27. Be1 Qxa3 28. Bd2 Nxh4 29. Qf4 Qe7 30. Ra1 Ng6 31. Qb8+ Rd8 32. Qxa7 Qxa7 33. Rxa7 e5 34. Rb1 exd4 35. cxd4 Rcxd4 36. Be3 Rd1+ 37. Rxd1 Rxd1+ 38. Kf2 b5 39. Rb7 Rd5 40. f4 Nh4 41. g4 f5 42. Kg3 Ng6 43. gxf5 Rxf5 44. Kg4 Rd5 45. Kf3 Rf5 46. Kg4 Rd5 47. Kf3 Rf5 48. Kg4 1/2-1/2

[Event "66.Semifinale Camp. Italiano"]
[Site "Cortina d'Ampezzo ITA"]
[Date "2006.07.15"]
[Round "8.16"]
[White "Campini, Marco"]
[Black "Bonafede, Alessandro"]
[Result "0-1"]
[WhiteElo "2100"]
[BlackElo "2175"]
[Annotator "Gabriele Ballarin"]
[PlyCount "88"]
[EventDate "2006.07.09"]
[EventType "swiss"]
[EventRounds "9"]
[EventCountry "ITA"]

1. e4 c5 2. Nf3 Nc6 3. d4 cxd4 4. Nxd4 Nf6 5. Nc3 e5 6. Ndb5 d6 7. Bg5 a6 8. Na3 b5 9. Nd5 Be7 10. Bxf6 Bxf6 11. c3 Bg5 12. Nc2 Rb8 13. g3 O-O 14. h4 Bh6 15. g4 Bf4 16. Qf3 a5 17. Nxf4 exf4 18. Qxf4 Ne5 19. Ne3 b4 20. c4 Be6 21. b3 a4 22. Be2 Ra8 23. O-O Qxh4 24. Kg2 h6 25. Rh1 Qg5 26. Qg3 Ng6 27. Qxd6 Nf4+ 28. Kf3 Nxe2 29. Kxe2 Rfd8 30. Qg3 axb3 31. axb3 Ra3 32. Rhd1 Rxb3 33. Rxd8+ Qxd8 34. Qe5 Ra3 35. Kf3 Rxa1 36. Qxa1 Qd3 37. Qb2 b3 38. Kf4 Bxc4 39. Nf5 g5+ 40. Ke5 Qd8 41. Nd6 Be6 42. Qa3 Kh7 43. Nb5 b2 44. Qb4 Qh8+ 0-1

[Event "66.Semifinale Camp. Italiano"]
[Site "Cortina d'Ampezzo ITA"]
[Date "2006.07.15"]
[Round "8.17"]
[White "Puzzoni, Christian"]
[Black "Facchetti, Gianni"]
[Result "1-0"]
[WhiteElo "2066"]
[BlackElo "2133"]
[Annotator "Gabriele Ballarin"]
[PlyCount "113"]
[EventDate "2006.07.09"]
[EventType "swiss"]
[EventRounds "9"]
[EventCountry "ITA"]

1. e4 e5 2. Bc4 Nc6 3. f4 d6 4. Nf3 Be7 5. O-O Nf6 6. d3 O-O 7. c3 Bg4 8. Nbd2 d5 9. Bb3 dxe4 10. dxe4 Bc5+ 11. Kh1 exf4 12. Qe1 Be3 13. Nc4 Bxc1 14. Qxc1 Nh5 15. Nce5 Nxe5 16. Nxe5 Qh4 17. Kg1 Be6 18. Bd1 Qg5 19. Nf3 Qh6 20. Nd4 g5 21. e5 Ng7 22. Bf3 c6 23. Qc2 Rad8 24. Qa4 a6 25. Qb4 Rd7 26. Rad1 Rfd8 27. Qb6 Nf5 28. Nxf5 Bxf5 29. Qxd8+ Rxd8 30. Rxd8+ Kg7 31. Rd6 Qh4 32. Rd4 Be6 33. g3 Qh6 34. gxf4 gxf4 35. Kh1 Kf8 36. Rd8+ Ke7 37. Rb8 Bxa2 38. Rxb7+ Ke6 39. b3 Qh3 40. Kg1 Kxe5 41. Rb6 Kf5 42. Rf2 a5 43. Rxc6 Bxb3 44. Rc5+ Kf6 45. Rxa5 Qe6 46. Rc5 Qe3 47. Rc6+ Kg7 48. Kg2 Be6 49. Rf1 Qd2+ 50. Kh1 Bh3 51. Rg1+ Kf8 52. Rh6 Be6 53. Rh4 Qxc3 54. Rf1 Qd3 55. Bg2 f3 56. Rxf3 Bd5 57. Rxd3 1-0

[Event "66.Semifinale Camp. Italiano"]
[Site "Cortina d'Ampezzo ITA"]
[Date "2006.07.15"]
[Round "8.18"]
[White "Alberton, Roberto"]
[Black "Astengo, Marcello"]
[Result "1-0"]
[WhiteElo "2128"]
[BlackElo "2109"]
[Annotator "Gabriele Ballarin"]
[PlyCount "73"]
[EventDate "2006.07.09"]
[EventType "swiss"]
[EventRounds "9"]
[EventCountry "ITA"]

1. e4 e6 2. d4 d5 3. e5 c5 4. c3 Nc6 5. Nf3 Bd7 6. Be2 f6 7. O-O Rc8 8. Re1 Qb6 9. c4 cxd4 10. cxd5 Nb4 11. dxe6 Bxe6 12. Na3 Be7 13. Nxd4 Rd8 14. Qa4+ Bd7 15. Bb5 Qxd4 16. Rd1 Qxd1+ 17. Qxd1 Bxb5 18. Bd2 Ba6 19. Qg4 Rxd2 20. Qxg7 Bd3 21. Qxh8 Kf7 22. Re1 Rxb2 23. Nc4 Bxc4 24. Qxh7+ Kf8 25. exf6 Bxf6 26. Qd7 Bf7 27. Qd6+ Kg7 28. a3 Nc2 29. Rd1 Ne7 30. h4 Nf5 31. Qf4 Nxh4 32. Rd6 Rb1+ 33. Kh2 Be7 34. Qh6+ Kg8 35. Rd7 Nf5 36. Qd2 Nxa3 37. Qd3 $138 1-0

[Event "66.Semifinale Camp. Italiano"]
[Site "Cortina d'Ampezzo ITA"]
[Date "2006.07.15"]
[Round "8.19"]
[White "Fontana, Enrico"]
[Black "Pomaro, Alberto"]
[Result "1-0"]
[WhiteElo "2122"]
[BlackElo "2046"]
[Annotator "Gabriele Ballarin"]
[PlyCount "55"]
[EventDate "2006.07.09"]
[EventType "swiss"]
[EventRounds "9"]
[EventCountry "ITA"]

1. d4 Nf6 2. Nc3 d5 3. Bg5 h6 4. Bh4 Bf5 5. f3 Nbd7 6. Nxd5 Nxd5 7. e4 Bxe4 8. fxe4 Ne3 9. Qd3 Nxf1 10. Qxf1 c5 11. d5 g5 12. Bg3 Qa5+ 13. c3 Bg7 14. Nf3 g4 15. Nd2 Ne5 16. Bxe5 Bxe5 17. Nc4 Qc7 18. Nxe5 Qxe5 19. Qb5+ Kf8 20. Qe2 h5 21. O-O Qg7 22. Rf5 Qg6 23. Re1 Rh7 24. e5 Rd8 25. c4 Kg8 26. Qe3 Qb6 27. Qg5+ Kf8 28. e6 1-0

[Event "66.Semifinale Camp. Italiano"]
[Site "Cortina d'Ampezzo ITA"]
[Date "2006.07.15"]
[Round "8.20"]
[White "Astengo, Corrado"]
[Black "Ricci, Marco"]
[Result "0-1"]
[WhiteElo "2119"]
[BlackElo "2150"]
[Annotator "Gabriele Ballarin"]
[PlyCount "80"]
[EventDate "2006.07.09"]
[EventType "swiss"]
[EventRounds "9"]
[EventCountry "ITA"]

1. e4 e6 2. d3 d5 3. Nd2 Nf6 4. g3 dxe4 5. dxe4 Bc5 6. Bg2 Nc6 7. Ngf3 e5 8. h3 O-O 9. O-O Qe7 10. Qe2 b6 11. Nb3 Bd6 12. Nh4 a5 13. Nf5 Qe6 14. Rd1 Ba6 15. Qf3 a4 16. Nd2 g6 17. Nxd6 Nd4 18. Qe3 Qxd6 19. Rb1 Nxc2 20. Qc3 Nd4 21. Kh2 Be2 22. Re1 b5 23. a3 c5 24. Nf1 b4 25. Qd2 Bf3 26. Qd3 Bxg2 27. Kxg2 Qa6 $138 28. Qxa6 Rxa6 29. Bg5 Kg7 30. Bxf6+ Rxf6 31. Ne3 Rb6 32. Rbc1 Nb3 33. Rc4 Rfb8 34. Nd5 R6b7 35. Re3 h6 36. Kf1 Nd2+ 37. Ke2 Nxc4 38. Rf3 bxa3 39. bxa3 Rb2+ 40. Ke1 Rb1+ 0-1

[Event "66.Semifinale Camp. Italiano"]
[Site "Cortina d'Ampezzo ITA"]
[Date "2006.07.15"]
[Round "8.21"]
[White "Milazzo, Mario"]
[Black "Melotti, Dario"]
[Result "1/2-1/2"]
[WhiteElo "2110"]
[BlackElo "2116"]
[Annotator "Antonio Rosino"]
[PlyCount "28"]
[EventDate "2006.07.09"]
[EventType "swiss"]
[EventRounds "9"]
[EventCountry "ITA"]

1. e4 c5 2. Nc3 Nc6 3. g3 g6 4. Bg2 Bg7 5. d3 d6 6. f4 e6 7. Nf3 Nge7 8. O-O O-O 9. Be3 Qa5 (9... Nd4) 10. Qd2 Rb8 11. a4 (11. d4) 11... d5 12. Nd1 Qxd2 13. Nxd2 (13. Bxd2) 13... b6 14. Bf2 Nb4 1/2-1/2

[Event "66.Semifinale Camp. Italiano"]
[Site "Cortina d'Ampezzo ITA"]
[Date "2006.07.15"]
[Round "8.22"]
[White "Gaspari, Mauro"]
[Black "Laghetti, Gaetano"]
[Result "1/2-1/2"]
[WhiteElo "1805"]
[BlackElo "1972"]
[Annotator "Gabriele Ballarin"]
[PlyCount "41"]
[EventDate "2006.07.09"]
[EventType "swiss"]
[EventRounds "9"]
[EventCountry "ITA"]

1. c4 Nf6 2. Nc3 g6 3. e4 d6 4. g3 Bg7 5. Bg2 O-O 6. Nge2 Nbd7 7. O-O Rb8 8. d3 b6 9. d4 Bb7 10. Re1 c5 11. d5 Ba6 12. Qa4 Qc8 13. Bh3 Qb7 14. Bf4 b5 15. cxb5 Bxb5 16. Qc2 Nh5 17. Nxb5 Qxb5 18. Bxd7 Qxd7 19. Rab1 Nxf4 20. Nxf4 Rb6 21. b3 1/2-1/2